Handbook of distributed feedback laser diodes / (Record no. 599366)

000 -LEADER
fixed length control field 00296nam a2200109Ia 4500
008 - FIXED-LENGTH DATA ELEMENTS--GENERAL INFORMATION
fixed length control field 230907s9999||||xx |||||||||||||| ||und||
082 ## - DEWEY DECIMAL CLASSIFICATION NUMBER
Classification number 621.3661
Author Mark MOR
100 ## - MAIN ENTRY--PERSONAL NAME
Personal name Morthier, Geert,
9 (RLIN) 97044
245 #0 - TITLE STATEMENT
Title Handbook of distributed feedback laser diodes /
300 ## - PHYSICAL DESCRIPTION
Extent xvi, 379 pages :
942 ## - ADDED ENTRY ELEMENTS (KOHA)
Koha item type Book
Holdings
Withdrawn status Lost status Damaged status Not for loan Permanent Location Current Location Date acquired Total Checkouts Full call number Barcode Date last seen Price effective from Koha item type
        US-Pakistan Center for Advanced Studies in Energy (USPCAS-E) US-Pakistan Center for Advanced Studies in Energy (USPCAS-E) 10/22/2019   621.3661 MOR CAS-E0003465 09/12/2023 09/12/2023 Book
© 2023 Central Library, National University of Sciences and Technology. All Rights Reserved.